| 000 | 00598nam a22001817a 4500 | ||
|---|---|---|---|
| 999 |
_c167713 _d167713 |
||
| 005 | 20190917142614.0 | ||
| 010 | _aENG-126483 | ||
| 020 |
_c700.00 _a978-81-8369-000-3 |
||
| 035 | _aEN-110015 | ||
| 037 | _bDBAD/PUB | ||
| 082 | _a954.0317 | ||
| 100 | _aPruthi ,R.K. | ||
| 245 |
_aPunjab during the revolt : _cBy R.K.Pruthi _b1857 select Documents / |
||
| 260 |
_aNew Delhi _bLife Span Publishers And Distributers _c2019 |
||
| 270 |
_bNew Delhi _a4782/23 ,Ansari Road ,Daryagang _e110002 _mlifespandelhi@gmail.com |
||
| 300 |
_a272p. _c22cm(hb) |
||
| 942 |
_2ddc _cEN _h954.0317 _mPRU |
||